Outcast (Record no. 434282)

000 -LEADER
fixed length control field 00265cam a22001097a 4500
008 - FIXED-LENGTH DATA ELEMENTS--GENERAL INFORMATION
fixed length control field 180718b1933 xxu||||| |||| 00| 0 eng d
082 ## - DEWEY DECIMAL CLASSIFICATION NUMBER
Classification number A38 R227
100 ## - MAIN ENTRY--PERSONAL NAME
Personal name Reade, Winwood
245 ## - TITLE STATEMENT
Title Outcast
Statement of responsibility, etc. by Winwood Reade
260 ## - PUBLICATION, DISTRIBUTION, ETC.
Place of publication, distribution, etc. London
Name of publisher, distributor, etc. Watts
Date of publication, distribution, etc. 1933
300 ## - PHYSICAL DESCRIPTION
Extent 119p.
Holdings
Withdrawn status Lost status Damaged status Not for loan Permanent Location Current Location Date acquired Full call number Barcode Date last seen Price effective from Koha item type
        Indian Institute of Public Administration Indian Institute of Public Administration 2010-02-15 A38 R227 A1289 2018-07-21 2018-07-21 A

Powered by Koha